000 00547cam a2200205 i 4500
001 sa 67005682
003 DLC
005 20260227112359.0
008 840913s1966 ii 000 0 hino
010 _asa 67005682
040 _aDLC
_cDLC
_dDLC
050 0 0 _aPK2098.R49
_bA7
100 0 _aRāhī Māsūma Razā,
_d1927-1992.
245 1 0 _aĀdhā gāṃva /
_cRāhī Māsūma Razā.
250 _a1. saṃskara.na.
260 _aDillī :
_bAkshara Prakāśana,
_c1966.
300 _a433 p. ;
_c19 cm.
500 _aNovel.
500 _aIn Hindi.
999 _c75366
_d75366